Adèle Exarchopoulos - Mort subite - Statistiques

Statistiques générales
  • Ce quiz a été pris 313 fois
  • Le résultat moyen est 4 sur 11
Answers on the Grid
Answers color-coded by a green-red scale on the quiz's grid according to % correct below.
La vie d'Adèle
Jour J
Selfie
Les intranquilles
Le consentement
Rien à foutre
Un métier sérieux
Revenir
Sibyl
Orpheline
Mon légionnaire
Un p'tit truc en plus
Mandibules
Bac Nord
Les gorilles
Le deuxième acte
Fumer fait tousser
L.O.L
L'amour ouf
The last face
 
Statistiques - réponses
Réponse % Correct
La vie d'Adèle
97%
L'amour ouf
70%
Bac Nord
59%
Mandibules
48%
Sibyl
44%
Rien à foutre
37%
Fumer fait tousser
30%
Un métier sérieux
27%
Orpheline
17%
Revenir
14%
The last face
9%
Aucun quiz correspondant
Distribution des résultats
% des personnes avec chaque résultat
Percentile par nombre de réponses
Votre historique - résultats
Vous n’avez pas pris ce quiz